Statistics for Five Biggest Import Countries by U.S. State

Click here to take the quiz!

General Stats

  • This quiz has been taken 145 times
  • The average score is 18 of 25

Answer Stats

StateImportsCountry% Correct
Texas / California / Utah89,833 / 46,419 / 3,303Mexico
100%
Texas / California / Hawaii / New York / Utah42,699 / 159,188 / 389 / 20,667 / 2,521China
98%
Texas / Canada / New York / Delaware / Louisiana / Utah18,275 / 28,722 / 17,011 / 866 / 2,198 / 2,197Canada
97%
Delaware758United Kingdom
97%
New York / Delaware6,894 / 806France
96%
California / Hawaii40,504 / 480Japan
96%
Utah626Brazil
95%
New York11,393India
91%
Texas9,076South Korea
90%
Louisiana2,762Russia
87%
Hawaii814Indonesia
81%
Delaware517Colombia
76%
Texas / Louisiana7,302 / 3,506Saudi Arabia
71%
Utah1,375Peru
64%
Louisiana4,564Venezuela
63%
Puerto Rico3,871Ireland
60%
California16,390Malaysia
60%
Puerto Rico2,194Singapore
60%
Hawaii280United Arab Emirates
59%
Puerto Rico744Dominican Republic
58%
Puerto Rico2,154Switzerland
57%
New York7,726Israel
51%
Delaware / Louisiana473 / 2,928Iraq
39%
Hawaii284Libya
6%
Puerto Rico760Lithuania
2%

Score Distribution

Percentile by Number Answered

Percent of People with Each Score

Your Score History

You have not taken this quiz